[Event "SV Königsspringer Hamm 1 - SC Porta We"]
[Site "NRW-Klasse - Gruppe 1 2021/20"]
[Date "2022.03.27"]
[Round "7.4"]
[White "Paduch, Alexander"]
[Black "Kirnos, Evgeni"]
[Result "1/2-1/2"]
[WhiteElo "1825"]
[BlackElo "2190"]
[PlyCount "46"]
[EventDate "2022.??.??"]
[SourceVersionDate "2020.03.16"]
[WhiteTeam "SV Königsspringer Hamm 1"]
[BlackTeam "SC Porta Westfalica  1"]

1. e4 e5 2. Nf3 d6 3. d4 exd4 4. Nxd4 Nf6 5. Nc3 Be7 6. Bf4 O-O 7. Qd2 Nc6 8.
O-O-O Re8 9. f3 a6 10. g4 Nxd4 11. Qxd4 Be6 12. Be2 b5 13. Kb1 c5 14. Qd2 b4
15. Nd5 Bxd5 16. exd5 Nd7 17. g5 Qa5 18. h4 Nb6 19. h5 Na4 20. Bc4 Nb6 21. Qd3
Bf8 22. Bd2 Nxc4 23. Qxc4 Qb5 1/2-1/2

[Event "SV Königsspringer Hamm 1 - SC Porta We"]
[Site "NRW-Klasse - Gruppe 1 2021/20"]
[Date "2022.03.27"]
[Round "7.5"]
[White "Roos, Jonas"]
[Black "Klaus, Michael"]
[Result "1-0"]
[WhiteElo "1868"]
[BlackElo "1832"]
[PlyCount "53"]
[EventDate "2022.??.??"]
[SourceVersionDate "2020.03.16"]
[WhiteTeam "SC Porta Westfalica  1"]
[BlackTeam "SV Königsspringer Hamm 1"]

1. Nf3 Nf6 2. b3 c5 3. Bb2 e6 4. e3 Be7 5. c4 Nc6 6. g3 d5 7. Bg2 O-O 8. O-O
Qb6 9. d3 Rd8 10. Qe2 Bd7 11. d4 cxd4 12. exd4 Rac8 13. c5 Qc7 14. a3 a5 15.
Qe1 b6 16. b4 Qb8 17. b5 Nxd4 18. Bxd4 bxc5 19. Be5 Bd6 20. a4 Ne4 21. Bxd6
Qxd6 22. Nfd2 Nf6 23. Nb3 c4 24. Nxa5 Ra8 25. Nb7 Qc7 26. Nxd8 Qxd8 27. Nc3 1-0

[Event "SV Königsspringer Hamm 1 - SC Porta We"]
[Site "NRW-Klasse - Gruppe 1 2021/20"]
[Date "2022.03.27"]
[Round "7.6"]
[White "Przybela, Franz"]
[Black "Schulte, Norbert"]
[Result "0-1"]
[WhiteElo "1595"]
[BlackElo "1833"]
[PlyCount "28"]
[EventDate "2022.??.??"]
[SourceVersionDate "2020.03.16"]
[WhiteTeam "SV Königsspringer Hamm 1"]
[BlackTeam "SC Porta Westfalica  1"]

1. d4 d5 2. Nf3 Bf5 3. c4 c6 4. cxd5 cxd5 5. Nc3 e6 6. e3 a6 7. Ne5 Nd7 8. Nxd7
Qxd7 9. Bd2 Nf6 10. Be2 Bd6 11. O-O O-O 12. Rc1 Rac8 13. Qa4 Rc6 14. Nb1 Rxc1
0-1

[Event "SV Königsspringer Hamm 1 - SC Porta We"]
[Site "NRW-Klasse - Gruppe 1 2021/20"]
[Date "2022.03.27"]
[Round "7.7"]
[White "Peters, Waldemar"]
[Black "Happel, Juergen"]
[Result "1/2-1/2"]
[WhiteElo "1773"]
[BlackElo "1771"]
[PlyCount "50"]
[EventDate "2022.??.??"]
[SourceVersionDate "2020.03.16"]
[WhiteTeam "SC Porta Westfalica  1"]
[BlackTeam "SV Königsspringer Hamm 1"]

1. d4 Nf6 2. c4 e5 3. dxe5 Ng4 4. e6 dxe6 5. Qxd8+ Kxd8 6. h3 Ne5 7. e4 Bb4+ 8.
Bd2 Nbc6 9. Nc3 Ke7 10. O-O-O a6 11. f4 Ng6 12. g3 Rd8 13. Nf3 Bxc3 14. Bxc3
Rxd1+ 15. Kxd1 f6 16. Kc2 b6 17. Bd3 Bb7 18. Re1 e5 19. f5 Nf8 20. g4 Nd7 21.
b4 a5 22. a3 axb4 23. axb4 Nd8 24. Kb3 Nf7 25. h4 Nd6 1/2-1/2

[Event "SV Königsspringer Hamm 1 - SC Porta We"]
[Site "NRW-Klasse - Gruppe 1 2021/20"]
[Date "2022.03.27"]
[Round "7.8"]
[White "Topal, Batuhan"]
[Black "Hoevert, Kai"]
[Result "1-0"]
[WhiteElo "1617"]
[BlackElo "1697"]
[PlyCount "77"]
[EventDate "2022.??.??"]
[SourceVersionDate "2020.03.16"]
[WhiteTeam "SV Königsspringer Hamm 1"]
[BlackTeam "SC Porta Westfalica  1"]

1. e4 c5 2. Nf3 Nf6 3. Nc3 e6 4. d4 d5 5. exd5 Nxd5 6. Bb5+ Bd7 7. Bxd7+ Qxd7
8. O-O Nxc3 9. bxc3 Bd6 10. d5 O-O 11. c4 Rd8 12. Bg5 f6 13. Bh4 Kh8 14. Re1
exd5 15. cxd5 c4 16. Nd4 Be5 17. Rxe5 fxe5 18. Bxd8 Qxd8 19. Ne6 Qd6 20. Qg4 g6
21. Qxc4 Nd7 22. Ng5 Kg7 23. Qh4 h6 24. Ne6+ Kh7 25. c4 Rc8 26. Rc1 Nc5 27.
Ng5+ Kg7 28. Qxh6+ Kf6 29. Nh7+ Kf7 30. Rc3 Ne4 31. Rf3+ Kg8 32. Qh4 Qxd5 33.
Rf8+ Kg7 34. Qe7+ Kh6 35. h3 Qd1+ 36. Kh2 Rxf8 37. Nxf8 Qc2 38. Qxe5 Nxf2 39.
Ne6 1-0

[Event "SK Münster 3 - SK Werther 1"]
[Site "NRW-Klasse - Gruppe 1 2021/20"]
[Date "2022.03.27"]
[Round "7.1"]
[White "Freiberger, Jonas"]
[Black "Korth, Daniel"]
[Result "1-0"]
[WhiteElo "2155"]
[BlackElo "2164"]
[PlyCount "57"]
[EventDate "2022.??.??"]
[SourceVersionDate "2020.03.16"]
[WhiteTeam "SK Werther 1"]
[BlackTeam "SK Münster 3"]

1. c4 c6 2. e4 e5 3. Nf3 d6 4. Nc3 Nf6 5. d4 Nbd7 6. Be2 Be7 7. O-O O-O 8. d5
Nc5 9. Qc2 a5 10. Be3 Nfd7 11. Rad1 Qc7 12. Ne1 Na6 13. f4 exf4 14. Bxf4 Ne5
15. Kh1 Bf6 16. Nf3 Qe7 17. Qd2 c5 18. Na4 Nb8 19. Nb6 Ra6 20. Nxc8 Rxc8 21.
Nxe5 Bxe5 22. Bxe5 Qxe5 23. Rf5 Qe7 24. e5 Nd7 25. e6 fxe6 26. dxe6 Ne5 27. Qd5
Re8 28. Rdf1 Raa8 29. Rf7 1-0

[Event "SK Münster 3 - SK Werther 1"]
[Site "NRW-Klasse - Gruppe 1 2021/20"]
[Date "2022.03.27"]
[Round "7.2"]
[White "Wieder, Heiner"]
[Black "Goecke, Karl Ulrich"]
[Result "1/2-1/2"]
[WhiteElo "2028"]
[BlackElo "2129"]
[PlyCount "89"]
[EventDate "2022.??.??"]
[SourceVersionDate "2020.03.16"]
[WhiteTeam "SK Münster 3"]
[BlackTeam "SK Werther 1"]

1. e4 e6 2. d4 d5 3. Nd2 c5 4. Ngf3 cxd4 5. exd5 Qxd5 6. Bc4 Qd6 7. O-O Nf6 8.
Nb3 Nc6 9. Nbxd4 Nxd4 10. Nxd4 Be7 11. Nb5 Qc6 12. Qe2 a6 13. Nd4 Qc7 14. Re1
O-O 15. Bg5 h6 16. Bh4 Qf4 17. Nf3 b5 18. Bb3 Bb7 19. Bg3 Qg4 20. a4 b4 21. Ne5
Qxe2 22. Rxe2 Rfd8 23. Nc4 Ne4 24. Bc7 Rd7 25. Ba5 Bc5 26. Kf1 Rb8 27. f3 Nf6
28. Ne5 Re7 29. Nd3 Bd6 30. Kg1 Bd5 31. Rd1 Bxb3 32. cxb3 Nd5 33. Rc1 Bc7 34.
Bxc7 Rxc7 35. Rxc7 Nxc7 36. Rc2 Nd5 37. Rc6 Ra8 38. a5 Kf8 39. Kf2 Ke7 40. Nc5
Ra7 41. Nxa6 Ra8 42. Nc5 Rxa5 43. Nd3 Ra1 44. Rc4 Rb1 45. Rc2 1/2-1/2

[Event "SK Münster 3 - SK Werther 1"]
[Site "NRW-Klasse - Gruppe 1 2021/20"]
[Date "2022.03.27"]
[Round "7.3"]
[White "Henkemeier, Markus"]
[Black "Baumann, Stephan"]
[Result "0-1"]
[WhiteElo "2007"]
[BlackElo "1997"]
[PlyCount "54"]
[EventDate "2022.??.??"]
[SourceVersionDate "2020.03.16"]
[WhiteTeam "SK Werther 1"]
[BlackTeam "SK Münster 3"]

1. d4 Nf6 2. Bf4 c5 3. dxc5 e6 4. Nc3 Bxc5 5. e3 O-O 6. Bd3 Nc6 7. Nf3 Re8 8.
O-O d5 9. Bg5 Be7 10. e4 d4 11. Ne2 e5 12. h3 Qb6 13. b3 Be6 14. c3 dxc3 15.
Nxc3 Qa5 16. Bxf6 Qxc3 17. Bxe7 Rxe7 18. Bb5 Nd4 19. Nxd4 exd4 20. Rc1 Qa5 21.
Qe2 Rd8 22. Bd3 Rc7 23. Rxc7 Qxc7 24. Rd1 Qe5 25. f3 Rd6 26. Bc4 Bd7 27. Bd5
Rxd5 0-1

[Event "SK Münster 3 - SK Werther 1"]
[Site "NRW-Klasse - Gruppe 1 2021/20"]
[Date "2022.03.27"]
[Round "7.4"]
[White "Kaufhold, Thomas"]
[Black "Kraetzer, Rüdiger"]
[Result "1-0"]
[WhiteElo "2014"]
[BlackElo "1937"]
[PlyCount "67"]
[EventDate "2022.??.??"]
[SourceVersionDate "2020.03.16"]
[WhiteTeam "SK Münster 3"]
[BlackTeam "SK Werther 1"]

1. d4 d5 2. Nf3 Nf6 3. c4 e6 4. Nc3 Nbd7 5. Bg5 c6 6. e3 Qa5 7. Bxf6 Nxf6 8.
Nd2 Bb4 9. Qc2 O-O 10. Bd3 h6 11. O-O Bxc3 12. bxc3 e5 13. Rab1 Qc7 14. h3 Be6
15. dxe5 dxc4 16. Bxc4 Bxc4 17. Nxc4 Nd5 18. Nd2 Qxe5 19. c4 Nb6 20. c5 Nd7 21.
Rxb7 Nxc5 22. Rb4 Rfd8 23. Nf3 Qd6 24. Rc4 Ne6 25. Rxc6 Qa3 26. Qc4 a5 27. Ne5
Qb4 28. Qc2 Rd2 29. Qf5 Qe7 30. Rfc1 g6 31. Nxg6 fxg6 32. Qxe6+ Qxe6 33. Rxe6
Kf7 34. Rcc6 1-0

[Event "SK Münster 3 - SK Werther 1"]
[Site "NRW-Klasse - Gruppe 1 2021/20"]
[Date "2022.03.27"]
[Round "7.5"]
[White "Hufendiek, Ekkehard"]
[Black "Niermann, Rainer"]
[Result "1/2-1/2"]
[WhiteElo "1891"]
[BlackElo "1936"]
[PlyCount "81"]
[EventDate "2022.??.??"]
[SourceVersionDate "2020.03.16"]
[WhiteTeam "SK Werther 1"]
[BlackTeam "SK Münster 3"]

1. e4 e6 2. d3 d5 3. Nd2 Nf6 4. g3 b6 5. Bg2 Bb7 6. e5 Nfd7 7. d4 c5 8. c3 Nc6
9. Ngf3 f6 10. exf6 Qxf6 11. Qe2 cxd4 12. Nxd4 Nxd4 13. cxd4 Bd6 14. O-O O-O
15. Nf3 e5 16. Qb5 e4 17. Ng5 Rad8 18. Be3 h6 19. Nh3 g5 20. f3 exf3 21. Rxf3
Qe6 22. Rxf8+ Bxf8 23. Qd3 Bg7 24. Re1 Nf6 25. Bd2 Ne4 26. Bc3 Rf8 27. Rf1
Rxf1+ 28. Bxf1 Bc6 29. Nf2 Qf7 30. Qe3 Qxf2+ 31. Qxf2 Nxf2 32. Kxf2 Kf7 33. Ke3
a5 34. Be2 Ke6 35. Bg4+ Kd6 36. b4 a4 37. a3 b5 38. Be1 Bd7 39. Be2 Ke6 40.
Bg4+ Kd6 41. Be2 1/2-1/2

[Event "SK Münster 3 - SK Werther 1"]
[Site "NRW-Klasse - Gruppe 1 2021/20"]
[Date "2022.03.27"]
[Round "7.6"]
[White "Schroeder, Jörg"]
[Black "Ortpaul, Mario"]
[Result "0-1"]
[WhiteElo "1966"]
[BlackElo "1864"]
[Annotator "Nöring,Andreas"]
[PlyCount "138"]
[EventDate "2022.??.??"]
[SourceVersionDate "2020.03.16"]
[WhiteTeam "SK Münster 3"]
[BlackTeam "SK Werther 1"]

1. e4 d5 2. exd5 Qxd5 3. Nc3 Qd6 4. d4 {[%emt 0:00:00]} Nf6 5. Bd3 c6 6. Nge2
Bg4 7. Be3 e6 8. O-O Nbd7 9. Qd2 Qc7 10. h3 Bxe2 11. Qxe2 Bd6 12. Rfe1 O-O 13.
g4 Nd5 14. Nxd5 cxd5 15. Qf3 Nb6 16. Rad1 f6 17. Qg2 Rae8 18. g5 Bf4 19. g6 h6
20. b3 Bxe3 21. fxe3 Qd6 22. c4 dxc4 23. bxc4 Qd7 24. Rb1 Re7 25. Rb3 f5 26.
Ra3 Rf6 27. Be2 Qe8 28. Bh5 Nxc4 29. Rxa7 Qb8 30. Ra4 Nb6 31. Ra3 Nd5 32. Rb1
f4 33. Qh2 Qf8 34. e4 Ne3 35. Rab3 Qc8 36. e5 Rf5 37. Bf3 Rg5+ 38. Kh1 Rc7 39.
Re1 Rf5 40. Be4 Rf8 41. Qb2 Qd8 42. Rg1 Qh4 43. Qh2 Rfc8 44. Bxb7 Rb8 45. Bd5
Rxb3 46. Bxe6+ Kf8 47. Bxb3 f3 48. Qg3 Qe4 49. Kh2 Nf5 50. Qg4 Qd3 51. d5 Qe2+
52. Kh1 Qxe5 53. Qxf3 Rc3 54. Qf1 Ke7 55. d6+ Kd8 56. Rg4 Re3 57. Rg1 Qe4+ 58.
Kh2 Re2+ 59. Rg2 Qe5+ 60. Kh1 Re1 61. Qxe1 Qxe1+ 62. Rg1 Qe4+ 63. Kh2 Nd4 64.
Rg4 Qe5+ 65. Kh1 Qxd6 66. Kg2 Qe5 67. Bd1 Nf5 68. Kf2 Ne3 69. Rg1 Qh2+ 0-1

[Event "SK Münster 3 - SK Werther 1"]
[Site "NRW-Klasse - Gruppe 1 2021/20"]
[Date "2022.03.27"]
[Round "7.7"]
[White "Henkemeier, Michael"]
[Black "Wingenfeld, Klaus"]
[Result "1/2-1/2"]
[WhiteElo "1897"]
[BlackElo "1877"]
[PlyCount "135"]
[EventDate "2022.??.??"]
[SourceVersionDate "2020.03.16"]
[WhiteTeam "SK Werther 1"]
[BlackTeam "SK Münster 3"]

1. Nf3 Nf6 2. b3 d6 3. Bb2 Nbd7 4. e3 g6 5. Be2 Bg7 6. O-O O-O 7. d4 e5 8. c4
Re8 9. Nc3 c6 10. d5 e4 11. dxc6 bxc6 12. Nd4 Bb7 13. Qd2 a6 14. Rfd1 Qc7 15.
Rac1 Rad8 16. a3 Ne5 17. b4 Qe7 18. Nb3 h6 19. Na5 Qc7 20. Qc2 c5 21. Nxb7 Qxb7
22. b5 Rd7 23. a4 a5 24. Nd5 Nxd5 25. Rxd5 f5 26. Rcd1 Qc7 27. Qd2 Nf7 28. Bxg7
Kxg7 29. Qb2+ Ne5 30. Qc3 Kf7 31. f3 exf3 32. gxf3 Qd8 33. f4 Ng4 34. Bxg4 fxg4
35. Qd2 Qe7 36. Re1 Ra8 37. e4 Qh4 38. Qf2 Qxf2+ 39. Kxf2 Re8 40. Kg3 h5 41.
Kh4 Re6 42. f5 Re5 43. fxg6+ Kxg6 44. b6 Kf6 45. Rb1 Rxd5 46. exd5 Rb7 47. Kxh5
Kf5 48. Rf1+ Ke5 49. Kxg4 Rxb6 50. h4 Rb4 51. Rf5+ Kd4 52. h5 Kxc4 53. h6 Rb8
54. Kg5 Kb4 55. h7 c4 56. Rf1 Rc8 57. Kf6 c3 58. Kg7 c2 59. h8=Q Rxh8 60. Kxh8
Kxa4 61. Kg7 Kb3 62. Kf6 Kb2 63. Ke6 a4 64. Kxd6 a3 65. Ke7 a2 66. d6 a1=Q 67.
Rxa1 Kxa1 68. d7 1/2-1/2

[Event "SK Münster 3 - SK Werther 1"]
[Site "NRW-Klasse - Gruppe 1 2021/20"]
[Date "2022.03.27"]
[Round "7.8"]
[White "Molinaroli, Martin"]
[Black "Linnenbruegger, Felix"]
[Result "1-0"]
[WhiteElo "2105"]
[BlackElo "1120"]
[PlyCount "73"]
[EventDate "2022.??.??"]
[SourceVersionDate "2020.03.16"]
[WhiteTeam "SK Münster 3"]
[BlackTeam "SK Werther 1"]

1. b3 d5 2. Bb2 Nc6 3. e3 e5 4. Bb5 Bd6 5. Nf3 f6 6. c4 Nge7 7. Nc3 Be6 8. d4
a6 9. Bxc6+ bxc6 10. c5 e4 11. Ng1 Bxc5 12. dxc5 Ng6 13. Na4 O-O 14. Ne2 Qd7
15. Qc2 Ne5 16. O-O-O Nd3+ 17. Rxd3 exd3 18. Qxd3 Bf5 19. Qd2 Qe6 20. Nd4 Qe4
21. Nxf5 Qxf5 22. Bd4 a5 23. Nc3 a4 24. Nxa4 Rfb8 25. Qc2 Qe6 26. Nc3 Ra7 27.
h4 Rba8 28. f3 g6 29. g4 Rf8 30. Kb2 Ra5 31. Qg2 f5 32. Qg3 fxg4 33. Qxc7 Qf7
34. Qxa5 Qxf3 35. Qc7 Rf7 36. Qb8+ Rf8 37. Qe5 1-0

[Event "Gütersloher SV 1 - SK Werther 1"]
[Site "NRW-Klasse - Gruppe 1 2021/20"]
[Date "2022.04.24"]
[Round "8.1"]
[White "Haskenhoff, Jan"]
[Black "Plaßmann, Dominik"]
[Result "1-0"]
[WhiteElo "2229"]
[BlackElo "2129"]
[Annotator "daniel"]
[PlyCount "83"]
[EventDate "2022.??.??"]
[SourceVersionDate "2020.03.16"]
[WhiteTeam "SK Werther 1"]
[BlackTeam "Gütersloher SV 1"]

1. d4 Nf6 2. Nf3 e6 3. g3 c5 4. Bg2 Nc6 5. O-O Qb6 6. e3 d5 7. c4 dxc4 8. Na3
cxd4 $11 9. Nxc4 Qa6 10. Nfe5 Nxe5 11. Nxe5 Bd6 12. Qxd4 O-O 13. Rd1 Bxe5 14.
Qxe5 Bd7 15. Rd6 Bc6 16. Bxc6 bxc6 17. b3 Rfd8 18. Bb2 Qe2 19. Rad1 Qxd1+ 20.
Rxd1 Rxd1+ 21. Kg2 Rd2 22. h3 Rad8 23. Bd4 h6 24. Qa5 R8xd4 25. exd4 Ne4 26.
Qxa7 Rxf2+ 27. Kg1 f5 28. Qe7 Rf3 29. Qxe6+ Kh8 30. g4 Rg3+ 31. Kh2 Rxh3+ 32.
Kg2 Rg3+ 33. Kf1 Rf3+ 34. Ke2 Rf2+ 35. Kd3 Rf3+ 36. Kc4 Nd2+ 37. Kb4 fxg4 38.
Qxg4 Rf6 39. Kc3 Nf3 40. a4 g5 41. a5 Rf4 42. Qxf4 1-0

[Event "Gütersloher SV 1 - SK Werther 1"]
[Site "NRW-Klasse - Gruppe 1 2021/20"]
[Date "2022.04.24"]
[Round "8.2"]
[White "Janyska, Dennis"]
[Black "Freiberger, Jonas"]
[Result "0-1"]
[WhiteElo "2059"]
[BlackElo "2155"]
[Annotator "daniel"]
[PlyCount "130"]
[EventDate "2022.??.??"]
[SourceVersionDate "2020.03.16"]
[WhiteTeam "Gütersloher SV 1"]
[BlackTeam "SK Werther 1"]

1. d4 a6 2. e4 b5 3. Nf3 Bb7 4. Bd3 Nf6 5. Qe2 e6 6. O-O c5 7. c3 Be7 8. Bg5
Qb6 9. Nbd2 h6 10. Be3 cxd4 11. Nxd4 Qc7 12. f4 Nc6 13. a4 b4 14. Nxc6 Bxc6 15.
c4 d6 16. b3 Bb7 17. h3 Nd7 18. Rad1 Nc5 19. f5 e5 20. Bc2 $11 Bg5 21. Qf2 Bxe3
22. Qxe3 Nd7 23. Nf3 O-O-O 24. Rf2 Qc5 25. Qxc5+ Nxc5 26. Re2 g6 27. fxg6 fxg6
28. Nh4 Rhg8 29. Kf2 Rgf8+ 30. Ke3 Rf6 31. Nf3 Rdf8 32. Rde1 Kd7 33. Rd1 Ke7
34. Rde1 Bc8 35. Rf1 g5 36. Ref2 Ne6 37. Ne1 Nf4 38. g3 Bxh3 39. gxf4 exf4+ 40.
Ke2 Bxf1+ 41. Rxf1 a5 42. Nf3 g4 43. Nd4 f3+ 44. Kf2 h5 45. Nf5+ Ke6 46. Kg3
Rg8 47. Rh1 Rh8 48. Bd3 Ke5 49. Rh2 Rf7 50. Bf1 d5 51. cxd5 Rc7 52. Bc4 Kxe4
53. Nh4 Rh6 54. Rh1 Rf6 55. Re1+ Kd4 56. Re6 Rff7 57. Re1 Rcd7 58. Ng6 Rf6 59.
Nf4 h4+ 60. Kxg4 Rg7+ 61. Kxh4 Rxf4+ 62. Kh5 f2 63. Rd1+ Kc5 64. d6 Rd4 65. Rf1
Rg2 0-1

[Event "Gütersloher SV 1 - SK Werther 1"]
[Site "NRW-Klasse - Gruppe 1 2021/20"]
[Date "2022.04.24"]
[Round "8.3"]
[White "Goecke, Karl Ulrich"]
[Black "Wulfhorst, Noah"]
[Result "1-0"]
[WhiteElo "2129"]
[BlackElo "1973"]
[PlyCount "71"]
[EventDate "2022.??.??"]
[SourceVersionDate "2020.03.16"]
[WhiteTeam "SK Werther 1"]
[BlackTeam "Gütersloher SV 1"]

1. d4 Nf6 2. Nf3 c5 3. d5 b5 4. c3 Bb7 5. e4 a6 6. a4 b4 7. Bd3 e6 8. c4 d6 9.
O-O Nbd7 10. dxe6 fxe6 11. Nbd2 Be7 12. Ng5 Nf8 13. e5 dxe5 14. Qe2 Qc7 15. Re1
h6 16. Ngf3 O-O-O 17. Nxe5 Bd6 18. Ndf3 g5 19. h3 Rg8 20. Bc2 g4 21. hxg4 Nxg4
22. g3 h5 23. Bf4 Nd7 24. Be4 Ndf6 25. Bxb7+ Kxb7 26. Rad1 h4 27. Nxg4 Rxg4 28.
Bxd6 Rxd6 29. Rxd6 Qxd6 30. Nxh4 Qd4 31. Qf3+ Kc7 32. Rxe6 Nd7 33. Qc6+ Kd8 34.
Qa8+ Nb8 35. Qxb8+ Kd7 36. Qe8+ 1-0

[Event "Gütersloher SV 1 - SK Werther 1"]
[Site "NRW-Klasse - Gruppe 1 2021/20"]
[Date "2022.04.24"]
[Round "8.4"]
[White "Lueckner, Andreas"]
[Black "Henkemeier, Markus"]
[Result "1-0"]
[WhiteElo "1941"]
[BlackElo "2007"]
[PlyCount "77"]
[EventDate "2022.??.??"]
[SourceVersionDate "2020.03.16"]
[WhiteTeam "Gütersloher SV 1"]
[BlackTeam "SK Werther 1"]

1. d4 c6 2. Nf3 d5 3. c4 Nf6 4. e3 Bg4 5. h3 Bh5 6. Nc3 e6 7. g4 Bg6 8. Ne5
Nfd7 9. Nxg6 hxg6 10. e4 dxe4 11. Nxe4 Nf6 12. Nc3 Qc7 13. Bg2 Bd6 14. Be3 Bf4
15. Qf3 g5 16. d5 cxd5 17. cxd5 exd5 18. Bxf4 gxf4 19. O-O O-O 20. g5 Nh7 21.
Nxd5 Qe5 22. h4 Nc6 23. Qxf4 Rad8 24. Qxe5 Nxe5 25. Rac1 Rd7 26. Rfd1 Rfd8 27.
Ne7+ Kf8 28. Rxd7 Rxd7 29. Nd5 Kg8 30. Rc8+ Nf8 31. Re8 Nc6 32. h5 Rd8 33. Ne7+
Kh7 34. Bxc6 Rd1+ 35. Kg2 Ne6 36. Be4+ g6 37. hxg6+ fxg6 38. Bxg6+ Kg7 39. Rg8#
1-0

[Event "Gütersloher SV 1 - SK Werther 1"]
[Site "NRW-Klasse - Gruppe 1 2021/20"]
[Date "2022.04.24"]
[Round "8.5"]
[White "Hufendiek, Ekkehard"]
[Black "Neumann, Theodor"]
[Result "1/2-1/2"]
[WhiteElo "1891"]
[BlackElo "1917"]
[Annotator "daniel"]
[PlyCount "158"]
[EventDate "2022.??.??"]
[SourceVersionDate "2020.03.16"]
[WhiteTeam "SK Werther 1"]
[BlackTeam "Gütersloher SV 1"]

1. e4 e5 2. Nf3 Nc6 3. Bc4 Bc5 4. c3 Nf6 5. d4 exd4 6. cxd4 Bb4+ 7. Bd2 Bxd2+
8. Nbxd2 d5 9. exd5 Nxd5 10. O-O O-O 11. Re1 Nb6 12. Bd3 Nxd4 13. Nxd4 Qxd4 14.
Qc2 g6 15. Nf3 Qf6 16. Qxc7 Nd5 17. Qe5 Qxe5 $11 18. Rxe5 Rd8 19. Rae1 Be6 20.
Ng5 Nf4 21. Nxe6 Nxd3 22. Nxd8 Nxe5 23. Nxb7 Nd3 24. Rb1 Rc8 $11 25. f3 Rc2 26.
Nd6 Nf4 27. g3 Nh3+ 28. Kh1 Ng5 29. Rf1 Rxb2 30. f4 $11 Ne6 31. f5 gxf5 32.
Nxf5 Rxa2 33. Rb1 h5 34. Rb7 Rf2 35. Ne7+ Kf8 36. Rxa7 Nd4 37. Kg1 Re2 38. Nd5
Nf3+ 39. Kf1 Rxh2 40. Nf4 h4 41. gxh4 Nxh4 42. Nd3 Nf3 43. Nf2 Nd2+ 44. Ke1 Kg7
45. Ng4 Nf3+ 46. Kf1 Rb2 47. Nf2 Nd2+ 48. Ke1 Nc4 49. Rc7 Ne3 50. Nd3 Rb5 51.
Ke2 Nd5 52. Ra7 Kf6 53. Nf2 Rb2+ 54. Kf3 Rb3+ 55. Ke4 Nc3+ 56. Kf4 Ne2+ 57. Kg4
Rg3+ 58. Kh4 Rg1 59. Ne4+ Kg6 60. Ra6+ Kg7 61. Ra7 Kg6 62. Ra6+ Kf5 63. Nd6+
Ke6 64. Ne4+ Ke5 65. Nf6 Nd4 66. Ng4+ Kf4 67. Nf2 Nf3+ 68. Kh5 Kf5 69. Ra5+ Ne5
70. Kh4 Rg8 71. Nd3 f6 72. Kh3 Ke4 73. Nc5+ Kd4 74. Ne6+ Kc3 75. Rd5 Kc4 76.
Rd4+ Kb5 77. Rf4 Nd7 78. Rg4 Rb8 79. Rd4 Ne5 1/2-1/2

[Event "Gütersloher SV 1 - SK Werther 1"]
[Site "NRW-Klasse - Gruppe 1 2021/20"]
[Date "2022.04.24"]
[Round "8.6"]
[White "Grochtmann, Stephan"]
[Black "Ortpaul, Mario"]
[Result "1-0"]
[WhiteElo "2007"]
[BlackElo "1864"]
[PlyCount "81"]
[EventDate "2022.??.??"]
[SourceVersionDate "2020.03.16"]
[WhiteTeam "Gütersloher SV 1"]
[BlackTeam "SK Werther 1"]

1. e4 d5 2. exd5 Qxd5 3. Nf3 Bg4 4. Be2 c6 5. d4 Nf6 6. c4 Qd8 7. h3 Bxf3 8.
Bxf3 e6 9. O-O Be7 10. Nc3 O-O 11. Be3 Nbd7 12. Qb3 Qb6 13. Qc2 Qc7 14. Rfd1
Rfd8 15. g3 Nf8 16. a4 a5 17. Rac1 Rac8 18. Qb3 Bb4 19. d5 e5 20. Na2 cxd5 21.
cxd5 Qd6 22. Nxb4 Rxc1 23. Rxc1 Qxb4 24. Qxb4 axb4 25. Bg5 Ra8 26. Bxf6 gxf6
27. Rc7 Rxa4 28. Rxb7 f5 29. Bh5 Ng6 30. d6 Ra1+ 31. Kg2 Ra8 32. Rxb4 Rd8 33.
Rb6 e4 34. Bd1 Ne5 35. Rb5 f6 36. Bb3+ Kg7 37. Be6 Rxd6 38. Bxf5 Rd4 39. Rb7+
Kf8 40. Bxh7 Nf3 41. h4 1-0

[Event "Gütersloher SV 1 - SK Werther 1"]
[Site "NRW-Klasse - Gruppe 1 2021/20"]
[Date "2022.04.24"]
[Round "8.7"]
[White "Mujanovic, Mesud"]
[Black "Kapitza, Mathias"]
[Result "1-0"]
[WhiteElo "1707"]
[BlackElo "2033"]
[PlyCount "53"]
[EventDate "2022.??.??"]
[SourceVersionDate "2020.03.16"]
[WhiteTeam "SK Werther 1"]
[BlackTeam "Gütersloher SV 1"]

1. e4 d5 2. exd5 Qxd5 3. Nc3 Qa5 4. d4 Nf6 5. Bc4 Bg4 6. Nge2 Nc6 7. Bd2 O-O-O
8. Nd5 Qa4 9. b3 Qa3 10. Nxf6 Bxe2 11. Qxe2 gxf6 12. O-O Nxd4 13. Qg4+ f5 14.
Qf4 Qc5 15. Qe3 e6 16. Bc3 Rg8 17. Rad1 Qc6 18. f3 Nb5 19. Rxd8+ Kxd8 20. Bf6+
Kc8 21. Kh1 Bc5 22. Qe2 Nd6 23. Bxe6+ Kb8 24. Bc4 Rg6 25. Be5 f6 26. Bxd6 Bxd6
27. Bb5 1-0

[Event "Gütersloher SV 1 - SK Werther 1"]
[Site "NRW-Klasse - Gruppe 1 2021/20"]
[Date "2022.04.24"]
[Round "8.8"]
[White "Ebert, Manuel"]
[Black "Schramm, Joshua"]
[Result "1-0"]
[WhiteElo "2145"]
[BlackElo "1502"]
[PlyCount "79"]
[EventDate "2022.??.??"]
[SourceVersionDate "2020.03.16"]
[WhiteTeam "Gütersloher SV 1"]
[BlackTeam "SK Werther 1"]

1. c4 Nf6 2. Nf3 e6 3. b3 d5 4. e3 c5 5. Bb2 Nc6 6. Be2 Be7 7. cxd5 exd5 8. O-O
O-O 9. d4 h6 10. Nc3 b6 11. Rc1 Be6 12. dxc5 bxc5 13. Na4 Qa5 14. Bc3 Qc7 15.
Bxf6 Bxf6 16. Nxc5 Rac8 17. Ba6 Rb8 18. Bd3 Rfc8 19. Na6 Qb6 20. Nxb8 Rxb8 21.
Bb1 g6 22. Qd2 Kg7 23. h3 Ne7 24. Nd4 Bd7 25. Rfd1 Qd6 26. Qa5 Bxd4 27. Rxd4
Rb7 28. e4 Qf4 29. Qc3 Kh7 30. exd5 Qg5 31. Qe3 Qf6 32. Rf4 Nf5 33. Bxf5 Bxf5
34. g4 Re7 35. Qg3 Qb2 36. Qc3 Qxc3 37. Rxc3 Bb1 38. d6 Rd7 39. Rd4 Bxa2 40.
Rc7 1-0

[Event "SC Porta Westfalica  1 - SK Münster 3"]
[Site "NRW-Klasse - Gruppe 1 2021/20"]
[Date "2022.04.24"]
[Round "8.1"]
[White "Korth, Daniel"]
[Black "Adiyaman, Rene"]
[Result "1-0"]
[WhiteElo "2164"]
[BlackElo "2091"]
[PlyCount "49"]
[EventDate "2022.??.??"]
[SourceVersionDate "2020.03.16"]
[WhiteTeam "SK Münster 3"]
[BlackTeam "SC Porta Westfalica  1"]

1. d4 c5 2. d5 e5 3. e4 d6 4. Nc3 Be7 5. Nf3 Bg4 6. h3 Bh5 7. Be2 Bg6 8. Bd3 h6
9. Nd2 Bg5 10. Nc4 Bxc1 11. Qxc1 a6 12. a4 Nf6 13. O-O O-O 14. f4 Nbd7 15. f5
Bh7 16. Nxd6 Nh5 17. a5 Qe7 18. Nc4 Qh4 19. Ne2 Nhf6 20. Qe3 g6 21. Qg3 Qh5 22.
Nc3 Kh8 23. Be2 Nxe4 24. Qe3 Qg5 25. Nxe4 1-0

[Event "SC Porta Westfalica  1 - SK Münster 3"]
[Site "NRW-Klasse - Gruppe 1 2021/20"]
[Date "2022.04.24"]
[Round "8.2"]
[White "Liebelt, Jannik"]
[Black "Seegers, Hendrik"]
[Result "0-1"]
[WhiteElo "2062"]
[BlackElo "2088"]
[PlyCount "52"]
[EventDate "2022.??.??"]
[SourceVersionDate "2020.03.16"]
[WhiteTeam "SC Porta Westfalica  1"]
[BlackTeam "SK Münster 3"]

1. d4 d5 2. Bf4 e6 3. e3 Nf6 4. Nd2 Bd6 5. Bg3 O-O 6. Bd3 b6 7. Qe2 c5 8. c3
Qc7 9. Ngf3 Nbd7 10. e4 Bxg3 11. hxg3 dxe4 12. Nxe4 Bb7 13. Ne5 Bxe4 14. Bxe4
Nxe4 15. Qxe4 Nf6 16. Qh4 Rfd8 17. Nf3 cxd4 18. Nxd4 Qc4 19. O-O-O Rd5 20. g4
h6 21. f4 Rc8 22. g5 Ne4 23. Kb1 Nxc3+ 24. bxc3 Qxc3 25. Qf2 Rcd8 26. Rh3 Rb5+
0-1

[Event "SC Porta Westfalica  1 - SK Münster 3"]
[Site "NRW-Klasse - Gruppe 1 2021/20"]
[Date "2022.04.24"]
[Round "8.3"]
[White "Wieder, Heiner"]
[Black "Kirnos, Evgeni"]
[Result "0-1"]
[WhiteElo "2028"]
[BlackElo "2190"]
[PlyCount "50"]
[EventDate "2022.??.??"]
[SourceVersionDate "2020.03.16"]
[WhiteTeam "SK Münster 3"]
[BlackTeam "SC Porta Westfalica  1"]

1. e4 e5 2. Nf3 d6 3. d4 exd4 4. Nxd4 Nf6 5. Nc3 Be7 6. Bc4 O-O 7. f3 a6 8. a4
Nc6 9. Be3 Bd7 10. Qd2 Rb8 11. O-O Nxd4 12. Bxd4 b5 13. axb5 axb5 14. Be2 b4
15. Nd5 Nxd5 16. exd5 Re8 17. Ra7 Bb5 18. Bxb5 Rxb5 19. c4 bxc3 20. Qxc3 Rxd5
21. Qc6 Rxd4 22. Rfa1 Rb4 23. Rxc7 Bf8 24. Qc3 d5 25. Raa7 Rc4 0-1